01281nam a2200241 a 450000100100000000500170001000800410002702000150006804000250008308200160010810000410012424500590016526002100022430000230043449000810045750400270053883000840056504900100064995201290065995201140078895201200090299900170102200002757920200930030934.0110401s2004 dr 000 0 spa d a9945000209 aDO-SdBNPbspacBNPHU axxxxbF363c1 aFernández Pichardo, Enrique95467710aCaptación de fondos /cEnrique Fernández Pichardo. aSanto Domingo :bAlianza ONG, Programa de Fortalecimiento de Capacidades de Organizaciones sin Fines de Lucro en Gestión, marketing y tecnologías de la Información :bW. K. Kellogg Foundation,c2004. ax, 56 p. ;c23 cm.1 aManuales para el fortalecimiento de Organizaciones sin Fines de Lucrovno. 3 aBibliografía : p. 56 0aManuales para el fortalecimiento de Organizaciones sin Fines de Lucrov3954672 aBNPHU 001054708DSaGRbGRcCTd2011-05-30iLF1l0oxxxx F363cp27579-30r2020-06-25te. 3w2020-06-25yLFDSZPréstamo en sala 0010718PDaPDbPDcCTd2011-04-01iLF1l0oxxxx F363cp27579-10r2020-06-25w2020-06-25yLFPDZNo se presta 0010718PDaPDbPDcCTd2011-04-01iLF1l0oxxxx F363cp27579-20r2020-06-25te. 2w2020-06-25yLFPDZNo se presta c27071d27071